| 000 | 00000nam 2200000zi 4500 |
| 001 | 9.913618 |
| 003 | CaOODSP |
| 005 | 20230203141001 |
| 006 | m o d f |
| 007 | cr bn||||||||| |
| 008 | 220712s1999 quc ob f000 0 fre d |
| 040 | |aCaOODSP|bfre|erda|cCaOODSP |
| 043 | |an-cn-qu |
| 045 | |ay2y2 |
| 086 | 1 |aCW66-859/1999F-PDF |
| 100 | 1 |aMorneau, Francois, |d1954- |eauteur. |
| 245 | 10|aRecensement de l'arlequin plongeur (Histrionicus histrionicus), en mai 1999, sur des rivières de la Gaspésie, de l'île d'Anticosti et de la Moyenne Côte-Nord / |créalisé par François Morneau. |
| 264 | 1|a[Sainte-Foy, Québec] : |bEnvironnement Canada, Service canadien de la faune, Région du Québec, |c1999. |
| 300 | |a1 ressource en ligne (iii, 9 pages, 9 pages non numérotées, 2 pages) |
| 336 | |atexte|btxt|2rdacontent/fre |
| 337 | |ainformatique|bc|2rdamedia/fre |
| 338 | |aressource en ligne|bcr|2rdacarrier/fre |
| 500 | |a« Juillet 1999. » |
| 500 | |aÉdition numérisée de l'imprimé [par Environnement et changement climatique Canada]. |
| 504 | |aComprend des références bibliographiques (page 9). |
| 650 | 6|aArlequin plongeur|zQuébec (Province) |
| 650 | 6|aOiseaux rares|zQuébec (Province) |
| 650 | 6|aOiseaux|xInventaires|zQuébec (Province) |
| 650 | 0|aHarlequin duck|zQuébec (Province) |
| 650 | 0|aRare birds|zQuébec (Province) |
| 650 | 0|aBird surveys|zQuébec (Province) |
| 710 | 2 |aService canadien de la faune. |bRégion du Québec, |eorganisme de publication. |
| 856 | 40|qPDF|s757 Ko|uhttps://publications.gc.ca/collections/collection_2023/eccc/cw66/CW66-859-1999-fra.pdf |